[Event "NED-chT 1011"]
[Site "Netherlands"]
[Date "2011.02.12"]
[Round "6.9"]
[White "Wantola, Ivo"]
[Black "Akrawi, Samir"]
[Result "1-0"]
[WhiteElo "2301"]
[BlackElo "2226"]
[PlyCount "135"]
[EventDate "2010.09.25"]
[EventType "team"]
[EventRounds "9"]
[EventCountry "NED"]
[SourceTitle "EXT 2012"]
[Source "ChessBase"]
[SourceDate "2011.11.24"]
[SourceVersion "1"]
[SourceVersionDate "2011.11.24"]
[SourceQuality "1"]
[WhiteTeam "Leiden LSG"]
[BlackTeam "Rotterdam"]
[WhiteTeamCountry "NED"]
[BlackTeamCountry "NED"]

1. Nf3 Nf6 2. c4 g6 3. Nc3 Bg7 4. e4 d6 5. d4 0-0 6. Be2 e5 7. 0-0 Nc6 8. d5 Ne7 9. b4 a5 10. Ba3 axb4 11. Bxb4 Nd7 12. a4 h6 13. Nd2 f5 14. Nb3 Nf6 15. f3 g5 16. c5 f4 17. Nb5 Ne8 18. a5 Rf6 19. Rc1 Ng6 20. Rc3 h5 21. Qc2 g4 22. fxg4 Bxg4 23. h3 Bxe2 24. Qxe2 Nh4 25. cxd6 cxd6 26. Nd2 Rg6 27. Rf2 Rc8 28. Rxc8 Qxc8 29. Qxh5 Qd8 30. Qe2 Bf8 31. Nf3 Rg3 32. Be1 Be7 33. Nxh4 Bxh4 34. Rf1 f3 35. Rxf3 Rxf3 36. Bxh4 Qxh4 37. Qxf3 Qe1+ 38. Kh2 Qb4 39. Qg4+ Kf8 40. Qd7 Qc5 41. h4 Qb4 42. h5 Qe1 43. Qf5+ Ke7 44. Qg5+ Kf8 45. Qf5+ Ke7 46. Qg4 Qd2 47. Qh4+ Kf7 48. h6 Kg8 49. Nxd6 Nxd6 50. Qg5+ Kh7 51. Qe7+ Kxh6 52. Qxd6+ Kh7 53. Qd7+ Kg8 54. Qc8+ Kg7 55. Qxb7+ Kg6 56. Qb6+ Kg5 57. Qd8+ Kg4 58. Qg8+ Kf4 59. Qg6 Qe1 60. Qf5+ Ke3 61. Qf3+ Kd4 62. a6 Qa1 63. d6 Qxa6 64. d7 Qh6+ 65. Kg1 Kc4 66. d8Q Qb6+ 67. Qf2 Qxd8 68. Qc2+ 1-0

[Event "Dieren op"]
[Site "Dieren"]
[Date "2010.07.31"]
[Round "5"]
[White "Iotov, Valentin"]
[Black "Akrawi, Samir"]
[Result "1-0"]
[WhiteElo "2581"]
[BlackElo "2247"]
[PlyCount "103"]
[EventDate "2010.07.27"]
[EventType "swiss"]
[EventRounds "9"]
[EventCountry "NED"]
[SourceTitle "CBM 137 Extra"]
[Source "ChessBase"]
[SourceDate "2010.09.01"]
[SourceVersion "1"]
[SourceVersionDate "2010.09.01"]
[SourceQuality "1"]

1. d4 Nf6 2. c4 e6 3. Nf3 b6 4. g3 Ba6 5. Qc2 Bb4+ 6. Bd2 Qe7 7. Bg2 Bb7 8. 0-0 Be4 9. Qa4 Bxd2 10. Nbxd2 Bc6 11. Qc2 d6 12. d5 Bb7 13. Nd4 e5 14. Nf5 Qf8 15. c5 bxc5 16. b4 g6 17. Ne3 Na6 18. Ndc4 Qe7 19. Na5 Bc8 20. Nc6 Qd7 21. bxc5 0-0 22. cxd6 cxd6 23. Rab1 Re8 24. Nc4 e4 25. Rfd1 Nc5 26. Qc3 Ba6 27. Ne3 Ng4 28. Rd2 Ne5 29. Qd4 Rac8 30. Rc1 Bb5 31. Qb2 Bxc6 32. dxc6 Qxc6 33. Nd5 Ned7 34. Rcd1 Na4 35. Qd4 Nac5 36. h4 Qa6 37. h5 Re5 38. h6 Rf8 39. f4 exf3 40. exf3 f6 41. Nc7 Qa3 42. Nb5 Qe3+ 43. Qxe3 Rxe3 44. Rxd6 a6 45. Nc7 Ne5 46. Nd5 Ra3 47. Nxf6+ Kf7 48. Nxh7 Rh8 49. Ng5+ Ke7 50. R6d5 Ned3 51. Bf1 Nb2 52. Re1+ 1-0